MARC details
| 000 -CABECERA |
| campo de control de longitud fija |
01440nam a2200373 a 4500 |
| 003 - IDENTIFICADOR DEL NÚMERO DE CONTROL |
| campo de control |
UPN |
| 005 - FECHA Y HORA DE LA ÚLTIMA TRANSACCIÓN |
| campo de control |
20240412092900.0 |
| 008 - ELEMENTOS DE LONGITUD FIJA--INFORMACIÓN GENERAL |
| campo de control de longitud fija |
991125s1897 mx a dr 001 0 spa d |
| 035 ## - NÚMERO DE CONTROL DEL SISTEMA |
| Número de control de sistema |
UPN01000018925 |
| 040 ## - FUENTE DE LA CATALOGACIÓN |
| Centro catalogador/agencia de origen |
MX-MxUPN |
| Lengua de catalogación |
spa |
| Centro/agencia transcriptor |
MX-MxUPN |
| 041 ## - CÓDIGO DE IDIOMA |
| Código de lengua del texto/banda sonora o título independiente |
spa |
| 050 14 - SIGNATURA TOPOGRÁFICA DE LA BIBLIOTECA DEL CONGRESO |
| Número de clasificación |
QP39 |
| Número de documento/Ítem |
L3.3 |
| 100 1# - ASIENTO PRINCIPAL--NOMBRE PERSONAL |
| Nombre de persona |
León, Luis G., |
| Fechas asociadas al nombre |
1866-1913 |
| 100 1# - ASIENTO PRINCIPAL--NOMBRE PERSONAL |
| Nombre de persona |
Crespo, Altagracia |
| 9 (RLIN) |
51469 |
| 245 10 - MENCIÓN DE TÍTULO |
| Título |
Elementos de fisiologia é higiene : |
| Resto del título |
segundo año, primer semestre |
| 260 ## - PUBLICACIÓN, DISTRIBUCIÓN, ETC. |
| Lugar de publicación, distribución, etc. |
México : |
| Nombre del editor, distribuidor, etc. |
Imprenta y librería de Aguilar é hijos, |
| Fecha de publicación, distribución, etc. |
1897. |
| 300 ## - DESCRIPCIÓN FÍSICA |
| Extensión |
46 páginas : |
| Otras características físicas |
ilustraciones. |
| 500 ## - NOTA GENERAL |
| Nota general |
"Escritos según lo prevenido por la ley reglamentaria de instrucción primaria superior" |
| 500 ## - NOTA GENERAL |
| Nota general |
"Obra ilustrada con grabados" |
| 504 ## - NOTA DE BIBLIOGRAFÍA, ETC. |
| Nota de bibliografía, etc. |
Incluye índice. |
| 506 0# - NOTA DE RESTRICCIONES AL ACCESO |
| Limitaciones de acceso |
Acceso abierto. |
| 530 ## - NOTA DE FORMATO FÍSICO ADICIONAL DISPONIBLE |
| Nota de formato físico adicional disponible |
También disponible en línea. |
| 536 ## - NOTA DE INFORMACIÓN SOBRE FINANCIAMIENTO |
| Texto de la nota |
Libros de texto digitalizados bajo el patrocinio del Instituto Georg-Eckert. |
| 650 #4 - ASIENTO SECUNDARIO DE MATERIA - TERMINO TEMATICO |
| Término de materia o nombre geográfico como elemento de entrada |
Fisiología |
| Subdivisión general |
Estudio y enseñanza (Secundaria) |
| 9 (RLIN) |
20840 |
| 650 #4 - ASIENTO SECUNDARIO DE MATERIA - TERMINO TEMATICO |
| Término de materia o nombre geográfico como elemento de entrada |
Higiene |
| Subdivisión general |
Estudio y enseñanza (Secundaria) |
| 9 (RLIN) |
51501 |
| 650 #4 - ASIENTO SECUNDARIO DE MATERIA - TERMINO TEMATICO |
| Término de materia o nombre geográfico como elemento de entrada |
Anatomía humana |
| 9 (RLIN) |
578 |
| Subdivisión general |
Estudio y enseñanza (Secundaria) |
| 650 #4 - ASIENTO SECUNDARIO DE MATERIA - TERMINO TEMATICO |
| Término de materia o nombre geográfico como elemento de entrada |
Fisiología |
| 9 (RLIN) |
51470 |
| Subdivisión de forma |
Libros de texto |
| 650 #4 - ASIENTO SECUNDARIO DE MATERIA - TERMINO TEMATICO |
| Término de materia o nombre geográfico como elemento de entrada |
Higiene |
| 9 (RLIN) |
51471 |
| Subdivisión de forma |
Libros de texto |
| 650 #4 - ASIENTO SECUNDARIO DE MATERIA - TERMINO TEMATICO |
| Término de materia o nombre geográfico como elemento de entrada |
Anatomía humana |
| 9 (RLIN) |
44666 |
| Subdivisión de forma |
Libros de texto |
| 856 41 - LOCALIZACIÓN Y ACCESO ELECTRÓNICOS |
| Identificador Uniforme del Recurso |
<a href="http://200.23.113.51/pdf/librosdetexto2/122720.pdf">http://200.23.113.51/pdf/librosdetexto2/122720.pdf</a> |
| 902 ## - ELEMENTOS DE DATOS B LOCAL, LDB (RLIN) |
| Modificó |
MaríaRobles/080424 |
| 905 ## - TIPO DE MATERIAL |
| Tipo de material |
Libro |
| 942 ## - ELEMENTOS DE PUNTO DE ACCESO ADICIONAL (KOHA) |
| Fuente del sistema de clasificación o colocación |
Library of Congress Classification |
| Tipo de ítem Koha |
Libro |
| Suprimir en OPAC |
No |